Hands-on history fashion : bring the past alive with 30 great projects

Bibliographic Details
Main Author: Halstead, Rachel
Format: Book
Published: London : Southwater , 2003
Subjects:

MARC

LEADER 00000cam a2200000 7i4500
001 0000058857
005 20160114.0
008 160114
020 |a 978-1842157604 
090 0 0 |a 391.0905   |b HAL 
100 0 |a Halstead, Rachel 
245 1 0 |a Hands-on history fashion :   |b bring the past alive with 30 great projects   |c Rachel Halstead 
260 |a London :   |b Southwater ,   |c 2003 
300 |a 64pg 
500 |a Includes index 
650 0 |a Fashion--History 
999 |a 000895188   |b Book   |c Adult Collection   |e Cawangan Muar 
999 |a 000895190   |b Book   |c Adult Collection   |e Cawangan Muar